| 000 | 01576nam a2200241Ia 4500 | ||
|---|---|---|---|
| 999 |
_c56359 _d56359 |
||
| 001 | 23472 | ||
| 003 | GE_BSU | ||
| 005 | 20230508102704.0 | ||
| 008 | 181216s1970||||ge |||||||||||||| ||geo|| | ||
| 040 | _cGE_BSU | ||
| 041 | _ageo | ||
| 080 | _a94(479.22) + 94(=353.1) ს-32 | ||
| 100 |
_aპაპუაშვილი, თენგიზი _918008 |
||
| 245 |
_aჰერეთის ისტორიის საკითხები : _bნარკვევები სოციალურ-ეკონომიური და პოლიტიკური ისტორიიდან. უძველესი დროიდან XII ს. I მეოთხედამდე / _cთენგიზ პაპუაშვილი ; ივ. ჯავახიშვილის სახ. ისტორიის, არქეოლოგიისა და ეთნოგრაფიის ინ-ტი. |
||
| 264 |
_aთბილისი : _bმეცნიერება, _c1970. |
||
| 300 |
_a391გვ. ; _b22 სმ. |
||
| 500 | _aპირთა, გეოგრაფიულ და ეთნიკურ სახელთა საძიებელი გვ.: 371-391. | ||
| 541 | _h5 ლ. | ||
| 653 | _aსაქართველოს ისტორია | ||
| 653 | _aჰერეთის ისტორია | ||
| 710 |
_aივ. ჯავახიშვილის სახ. ისტორიის, არქეოლოგიისა და ეთნოგრაფიის ინ-ტი. _918009 |
||
| 942 |
_cBK _2udc |
||